Iniciación del pensamiento lógico y aprendizaje de procedimientos y conceptos matemáticos, en los primeros años de escolaridad en la escuela y la familia
Bewaard in:
| Hoofdauteur: | |
|---|---|
| Formaat: | Boek |
| Taal: | Spaans |
| Gepubliceerd in: |
Santiago
CIDE
1998
|
| Reeks: | Documentos, 3
|
| Onderwerpen: | |
| Tags: |
Voeg label toe
Geen labels, Wees de eerste die dit record labelt!
|
MARC
| LEADER | 00000nam a2200000 a 4500 | ||
|---|---|---|---|
| 001 | UCM7357 | ||
| 003 | CL-VaPUC | ||
| 008 | 021213e19980000CL |||||||||||||||||spa|d | ||
| 082 | 0 | 4 | |a 372.7 |b FUE |2 21 |
| 100 | 0 | |a Fuentes A., Mónica |e author |9 472942 | |
| 245 | 1 | 0 | |a Iniciación del pensamiento lógico y aprendizaje de procedimientos y conceptos matemáticos, en los primeros años de escolaridad en la escuela y la familia |
| 300 | |a 20 p | ||
| 942 | |c BK | ||
| 945 | |d 20021213 00:00:00 |a cmena | ||
| 260 | |a Santiago |b CIDE |c 1998 | ||
| 650 | 0 | |a Matemáticas |x Enseñanza |9 875527 | |
| 650 | 0 | |a Educación básica |9 224933 | |
| 650 | 0 | |a Métodos de enseñanza |9 270413 | |
| 650 | 0 | |a Planificación del currículo |9 269599 | |
| 650 | 0 | |a Lógica matemática |9 262442 | |
| 583 | |a last modification |c 20021213 00:00:00 |k Rodrigo Vera | ||
| 490 | 0 | |a Documentos, 3 | |
| 999 | |c 302199 |d 302197 | ||
| 952 | |0 0 |1 0 |4 0 |6 372_700000000000000_FUE_1998 |7 0 |8 A |9 362309 |a BIBEDU |b BIBEDU |d 2019-11-21 |i 386197K |o 372.7 FUE 1998 |p 386197K |r 2019-11-21 |w 2019-11-21 |y BK |k EPE | ||